Disney characters Quiz Stats

 Plays Quiz not verified by Sporcle

Score 0/22 Timer 10:00
0 Plays Today
Hints Answers % Correct
He has a magic carpetAladdin
95.8%
Is a baby deer Bambi
95.8%
Yellow bear that likes honey Winnie the Pooh
94.4%
Has and evil step-mother cinderella
90.6%
Has seven dwarfs as friends snow white
87.8%
An elephant with big ears Dumbo
86.9%
An unhappy dwarf in snow white grumpy
85.9%
The sleepy dwarf in Snow White and the seven Dwarfd Sleepy
85.9%
The girl in the yellow dress Belle
82.6%
The bouncing animal in Winnie the Pooh Tigger
82.6%
The boy in winnie the pooh christopher robin
82.2%
Hints Answers % Correct
The boy who can fly Peter Pan
82.2%
The evil uncle in the Lion King Scar
81.7%
The yellow fish in the little mermiadFlounder
80.8%
A little chicken chicken little
78.9%
The main mouse with the red pants Mickey Mouse
74.6%
The father of Simba Mufasa
72.8%
The cricket that helps pinocchiojiminy cricket
70%
626 in lilo and stitchstitch
68.5%
The dad dog in one-hundred and one Dalmations Pongo
68.1%
The orangutan in Jungle book King Louie
62.9%
The three sibling ducks huey dewy and louie
8.5%

You're not logged in!

Compare scores with friends on all Sporcle quizzes.
OR
Log In

Show Comments

Extras

Created Nov 22, 2010ReportNominate
Tags:Disney Quiz, character

Top Quizzes Today


Score Distribution

Your Account Isn't Verified!

In order to create a playlist on Sporcle, you need to verify the email address you used during registration. Go to your Sporcle Settings to finish the process.

Report this User

Report this user for behavior that violates our Community Guidelines.

Details: